[Event "FRA-chT2 West 0607"]
[Site "France"]
[Date "2007.03.17"]
[Round "8.2"]
[White "Ragot, Nicolas"]
[Black "Loiret, Stanislas"]
[Result "1-0"]
[WhiteElo "2209"]
[BlackElo "2226"]
[PlyCount "73"]
[EventDate "2006.10.15"]
[EventType "team"]
[EventRounds "11"]
[EventCountry "FRA"]
[SourceTitle "EXT 2008"]
[Source "ChessBase"]
[SourceDate "2007.11.25"]
[SourceVersion "1"]
[SourceVersionDate "2007.11.25"]
[SourceQuality "1"]
[WhiteTeam "Guingamp II"]
[BlackTeam "Tours"]
[WhiteTeamCountry "FRA"]
[BlackTeamCountry "FRA"]

1. c4 Nf6 2. g3 c6 3. Bg2 d5 4. Nf3 Bf5 5. 0-0 e6 6. b3 Nbd7 7. Nh4 Be4 8. Bxe4 Nxe4 9. Bb2 Be7 10. Ng2 Bf6 11. d4 dxc4 12. Qc2 c3 13. Nxc3 Nxc3 14. Bxc3 0-0 15. e4 Qb6 16. Ne3 Qb5 17. Rad1 Rac8 18. Rd2 Rfe8 19. Rfd1 Bg5 20. f4 Bd8 21. Kg2 Bb6 22. Nc4 Bc7 23. Bb2 Qh5 24. Qd3 Rcd8 25. Qf3 Qxf3+ 26. Kxf3 f5 27. exf5 exf5 28. d5 cxd5 29. Ne3 Nf6 30. Bxf6 gxf6 31. Nxd5 Ba5 32. b4 Rxd5 33. Rxd5 Bxb4 34. Rd8 Kf8 35. R1d7 Rxd8 36. Rxd8+ Ke7 37. Rb8 1-0

[Event "Breizh Masters 4th"]
[Site "Guingamp"]
[Date "2006.03.04"]
[Round "9"]
[White "Ragot, Nicolas"]
[Black "Picard, Romain"]
[Result "0-1"]
[WhiteElo "2203"]
[BlackElo "2338"]
[PlyCount "48"]
[EventDate "2006.02.26"]
[EventType "tourn"]
[EventRounds "9"]
[EventCountry "FRA"]
[EventCategory "4"]
[SourceTitle "CBM 111 Extra"]
[Source "ChessBase"]
[SourceDate "2006.05.09"]
[SourceVersion "1"]
[SourceVersionDate "2006.05.09"]
[SourceQuality "1"]

1. c4 b6 2. Nc3 Bb7 3. e4 e6 4. g3 f5 5. d3 Nf6 6. Bg2 fxe4 7. dxe4 Bc5 8. f3 Nc6 9. Nge2 0-0 10. a3 a5 11. Na4 Qe7 12. Qd3 Ne5 13. Qc3 Bf2+ 14. Kd1 Bc6 15. b3 Bxa4 16. bxa4 Qc5 17. Bf4 Nxc4 18. Rc1 d5 19. Kc2 Be3 20. Rce1 d4 21. Qa1 Nxa3+ 22. Kb3 Qb4+ 23. Ka2 Nc2 24. Qb1 Qxa4+ 0-1

[Event "Breizh Masters 4th"]
[Site "Guingamp"]
[Date "2006.03.02"]
[Round "6"]
[White "Onkoud, Abdelaziz"]
[Black "Ragot, Nicolas"]
[Result "1-0"]
[WhiteElo "2391"]
[BlackElo "2203"]
[PlyCount "57"]
[EventDate "2006.02.26"]
[EventType "tourn"]
[EventRounds "9"]
[EventCountry "FRA"]
[EventCategory "4"]
[SourceTitle "CBM 111 Extra"]
[Source "ChessBase"]
[SourceDate "2006.05.09"]
[SourceVersion "1"]
[SourceVersionDate "2006.05.09"]
[SourceQuality "1"]

1. c4 e6 2. Nf3 Nf6 3. g3 d5 4. Bg2 c6 5. b3 Nbd7 6. 0-0 Be7 7. Bb2 0-0 8. d3 Qc7 9. Nbd2 b6 10. Qc2 Bb7 11. cxd5 exd5 12. e4 dxe4 13. dxe4 Rad8 14. e5 Nd5 15. a3 Nc5 16. b4 Ne6 17. Ne4 h6 18. Rfe1 c5 19. b5 Qd7 20. Bf1 Nec7 21. Rad1 Nxb5 22. Nf6+ gxf6 23. exf6 Bd6 24. Bxb5 Qxb5 25. Ng5 hxg5 26. Qf5 Bf4 27. gxf4 Kh8 28. Qh3+ Kg8 29. Qh6 1-0

[Event "Breizh Masters 4th"]
[Site "Guingamp"]
[Date "2006.02.27"]
[Round "2"]
[White "Ragot, Nicolas"]
[Black "Bogdan, Dan"]
[Result "1/2-1/2"]
[WhiteElo "2203"]
[BlackElo "2441"]
[PlyCount "31"]
[EventDate "2006.02.26"]
[EventType "tourn"]
[EventRounds "9"]
[EventCountry "FRA"]
[EventCategory "4"]
[SourceTitle "CBM 111 Extra"]
[Source "ChessBase"]
[SourceDate "2006.05.09"]
[SourceVersion "1"]
[SourceVersionDate "2006.05.09"]
[SourceQuality "1"]

1. c4 f5 2. g3 Nf6 3. Bg2 e5 4. d3 Bb4+ 5. Bd2 Bxd2+ 6. Qxd2 0-0 7. Nc3 c6 8. e4 d6 9. Nge2 Be6 10. exf5 Bxf5 11. d4 Nbd7 12. 0-0 Qc7 13. h3 Rae8 14. g4 Bg6 15. f4 exd4 16. Qxd4 1/2-1/2

[Event "Breizh Masters 4th"]
[Site "Guingamp"]
[Date "2006.02.26"]
[Round "1"]
[White "Gicquel, Frederic"]
[Black "Ragot, Nicolas"]
[Result "1/2-1/2"]
[WhiteElo "2229"]
[BlackElo "2203"]
[PlyCount "83"]
[EventDate "2006.02.26"]
[EventType "tourn"]
[EventRounds "9"]
[EventCountry "FRA"]
[EventCategory "4"]
[SourceTitle "CBM 111 Extra"]
[Source "ChessBase"]
[SourceDate "2006.05.09"]
[SourceVersion "1"]
[SourceVersionDate "2006.05.09"]
[SourceQuality "1"]

1. d4 d5 2. Nf3 Nf6 3. c4 e6 4. Nc3 c6 5. e3 Nbd7 6. Bd3 dxc4 7. Bxc4 b5 8. Bd3 Bb7 9. 0-0 a6 10. e4 c5 11. d5 c4 12. Bc2 Bb4 13. dxe6 fxe6 14. Nd4 Nc5 15. e5 Bxc3 16. bxc3 Qd5 17. f3 Nfd7 18. Ba3 0-0-0 19. Qe2 Nxe5 20. Rad1 Ncd3 21. f4 Nc6 22. Qxe6+ Kb8 23. Qxd5 Rxd5 24. Bxd3 Nxd4 25. Bxc4 Nf3+ 26. gxf3 bxc4 27. Rxd5 Bxd5 28. Kf2 Rd8 29. Bc5 Kc7 30. Rb1 Re8 31. Bb6+ Kd7 32. Bd4 g6 33. Be5 Kc6 34. Bd4 Kd7 35. Rb6 Re6 36. Rb8 Re8 37. Rb1 Kc7 38. Rg1 Be6 39. Rd1 Bf5 40. Be5+ Kb7 41. Rd6 Rc8 42. Bd4 1/2-1/2

[Event "FRA-chT3 0405"]
[Site "France"]
[Date "2004.11.06"]
[Round "2"]
[White "Ragot, Nicolas"]
[Black "Bleuzen, Cedric"]
[Result "1-0"]
[WhiteElo "2143"]
[BlackElo "1935"]
[PlyCount "93"]
[EventDate "2004.10.10"]
[EventType "team"]
[EventRounds "9"]
[EventCountry "FRA"]
[SourceTitle "EXT 2007"]
[Source "ChessBase"]
[SourceDate "2006.11.23"]
[SourceVersion "1"]
[SourceVersionDate "2006.11.23"]
[SourceQuality "1"]

1. c4 c5 2. g3 Nc6 3. Bg2 d6 4. Nc3 g6 5. a3 Bg7 6. Rb1 a5 7. Nf3 e5 8. 0-0 Nge7 9. d3 0-0 10. Ne1 Be6 11. Nd5 Rb8 12. Nc2 b5 13. Bg5 f6 14. Bd2 b4 15. axb4 axb4 16. Ra1 Bc8 17. b3 Bb7 18. Ra4 Nxd5 19. Bxd5+ Kh8 20. e4 Qd7 21. f4 Bh6 22. fxe5 Bxd2 23. e6 Qe7 24. Qxd2 Nd8 25. Ra7 Nxe6 26. Qh6 Nd8 27. Ne3 Qg7 28. Qf4 Qe7 29. Ng4 Kg7 30. Qh6+ Kh8 31. Qf4 Kg7 32. e5 dxe5 33. Qh6+ Kh8 34. Nxe5 Rg8 35. Bxg8 Kxg8 36. Nxg6 hxg6 37. Qxg6+ Qg7 38. Rxf6 Qxg6 39. Rxg6+ Kf7 40. Rh6 Ne6 41. Kf2 Nd8 42. h4 Kg7 43. Rd6 Kf8 44. h5 Ke7 45. Rg6 Ne6 46. g4 Rf8+ 47. Kg3 1-0

[Event "FRA-chT4 0304"]
[Site "Bretagne"]
[Date "2004.01.18"]
[Round "4"]
[White "Grego, Pierre"]
[Black "Ragot, Nicolas"]
[Result "0-1"]
[WhiteElo "1926"]
[BlackElo "2099"]
[PlyCount "83"]
[EventDate "2003.10.12"]
[EventType "team"]
[EventRounds "9"]
[EventCountry "FRA"]
[SourceTitle "EXT 2005"]
[Source "ChessBase"]
[SourceDate "2004.11.15"]
[SourceVersion "1"]
[SourceVersionDate "2004.11.15"]
[SourceQuality "1"]

1. e4 c5 2. Nf3 Nc6 3. Bb5 g6 4. Bxc6 dxc6 5. 0-0 Bg7 6. Qe2 e5 7. h3 Be6 8. d3 h6 9. Be3 Qe7 10. a4 g5 11. g4 f6 12. Nbd2 h5 13. Nh2 Bf8 14. a5 Qh7 15. f3 Ne7 16. Qg2 Ng6 17. Rf2 0-0-0 18. b3 Be7 19. Kf1 Rdg8 20. Ke2 c4 21. bxc4 Bc5 22. Rff1 Bxe3 23. Kxe3 Nf4 24. Qg3 hxg4 25. Nxg4 Qe7 26. Nb3 Rxh3 27. Qg1 Rgh8 28. Rf2 R8h4 29. Kd2 Qb4+ 30. c3 Qxb3 31. Qb1 Qxb1 32. Rxb1 Bxg4 33. fxg4 Rxd3+ 34. Kc2 Rhh3 35. Rb3 c5 36. Kb2 Kc7 37. Rc2 Rhe3 38. Ka2 Ne2 39. Kb2 Nd4 40. Rh2 Nxb3 41. Kxb3 Rxc3+ 42. Kb2 0-1

[Event "Guingamp op 7th"]
[Site "Guingamp"]
[Date "2003.04.03"]
[Round "3"]
[White "Le Diouron, Aurelie"]
[Black "Ragot, Nicolas"]
[Result "0-1"]
[WhiteElo "1900"]
[BlackElo "2103"]
[PlyCount "77"]
[EventDate "2003.03.02"]
[EventType "swiss"]
[EventRounds "9"]
[EventCountry "FRA"]
[SourceTitle "EXT 2004"]
[Source "ChessBase"]
[SourceDate "2003.11.25"]
[SourceVersion "1"]
[SourceVersionDate "2003.11.25"]
[SourceQuality "1"]

1. e4 b6 2. d4 Bb7 3. Nc3 e6 4. Nf3 Be7 5. Bd3 d6 6. 0-0 Nf6 7. Ng5 Nbd7 8. f4 e5 9. fxe5 dxe5 10. Bc4 0-0 11. Rf5 exd4 12. Nb5 g6 13. Rf1 Ne5 14. Bb3 Nfd7 15. Nxf7 Nxf7 16. Bh6 Nde5 17. Bxf8 Bxf8 18. Rxf7 Nxf7 19. Qf3 Qe7 20. Rf1 Bxe4 21. Bxf7+ Kh8 22. Qf4 Bxc2 23. Nxd4 Bf5 24. Bd5 Rd8 25. Nxf5 Qc5+ 26. Ne3 Re8 27. Re1 Bg7 28. Bf7 Re7 29. Qc4 Rxe3 30. Rxe3 Qxe3+ 31. Kf1 Bxb2 32. Qxc7 Qd3+ 33. Kf2 Bd4+ 34. Ke1 Qe3+ 35. Kd1 Qg1+ 36. Kc2 Qxg2+ 37. Kb3 Qf3+ 38. Kc2 Qf2+ 39. Kd1 0-1

[Event "Guingamp op 7th"]
[Site "Guingamp"]
[Date "2003.03.08"]
[Round "9"]
[White "Piankov, Evgenij"]
[Black "Ragot, Nicolas"]
[Result "1-0"]
[WhiteElo "2370"]
[BlackElo "2103"]
[PlyCount "81"]
[EventDate "2003.03.02"]
[EventType "swiss"]
[EventRounds "9"]
[EventCountry "FRA"]
[SourceTitle "EXT 2004"]
[Source "ChessBase"]
[SourceDate "2003.11.25"]
[SourceVersion "1"]
[SourceVersionDate "2003.11.25"]
[SourceQuality "1"]

1. d4 d5 2. c3 Nf6 3. Bg5 e6 4. e3 Be7 5. Bd3 0-0 6. Nd2 b6 7. Qe2 Bb7 8. f4 Nbd7 9. Ngf3 c5 10. 0-0 Ne4 11. Bxe7 Qxe7 12. Rad1 f6 13. Bc2 Nxd2 14. Qxd2 Rad8 15. Qd3 g6 16. Qd2 Rfe8 17. Bb3 Kh8 18. Ba4 Qd6 19. g4 Bc6 20. Bxc6 Qxc6 21. g5 f5 22. Rf2 c4 23. h4 Kg7 24. h5 Rh8 25. Rh2 Nf8 26. Kf2 gxh5 27. Rxh5 Ng6 28. Rdh1 Rd7 29. Kg3 Kf8 30. Qh2 Rg7 31. Nh4 Nxh4 32. Qxh4 Qd7 33. Rh6 Ke8 34. Kf3 Qf7 35. Rf6 Qg8 36. Qh6 Ke7 37. Rxe6+ Kd7 38. Rd6+ Kc7 39. Qe6 Qf8 40. Rc6+ Kb7 41. Qxd5 1-0

[Event "FRA-chT4 0203"]
[Site "Bretagne"]
[Date "2002.12.08"]
[Round "3.1"]
[White "Ragot, Nicolas"]
[Black "Foussard, Gervais"]
[Result "1/2-1/2"]
[WhiteElo "2100"]
[BlackElo "1990"]
[PlyCount "28"]
[EventDate "2002.10.??"]
[EventType "team"]
[EventRounds "7"]
[EventCountry "FRA"]
[SourceTitle "EXT 2007"]
[Source "ChessBase"]
[SourceDate "2006.11.23"]
[SourceVersion "1"]
[SourceVersionDate "2006.11.23"]
[SourceQuality "1"]

1. c4 b6 2. Nc3 Bb7 3. e4 e6 4. g3 f5 5. Bg2 Nf6 6. Qc2 Nc6 7. Nge2 Bc5 8. 0-0 0-0 9. h3 Nh5 10. d3 Nxg3 11. Nxg3 f4 12. Bxf4 Rxf4 13. Nce2 Rf7 14. Qc3 Bb4 1/2-1/2

[Event "FRA-ch op-A"]
[Site "Val d'Isere"]
[Date "2002.08.31"]
[Round "10.3"]
[White "Ragot, Nicolas"]
[Black "Jablonski, Noham"]
[Result "0-1"]
[WhiteElo "2100"]
[BlackElo "2182"]
[PlyCount "159"]
[EventDate "2002.08.20"]
[EventType "swiss"]
[EventRounds "11"]
[EventCountry "FRA"]
[SourceTitle "EXT 2003"]
[Source "ChessBase"]
[SourceDate "2002.11.25"]
[SourceVersion "1"]
[SourceVersionDate "2002.11.25"]
[SourceQuality "1"]

1. c4 c5 2. g3 Nf6 3. Bg2 d5 4. Nf3 Nc6 5. cxd5 Nxd5 6. 0-0 e5 7. d3 Be7 8. b3 Bf6 9. e4 Ndb4 10. Ne1 Nd4 11. Bb2 0-0 12. Nc3 Be6 13. Ne2 Nbc6 14. f4 Bg4 15. Bf3 Nxf3+ 16. Nxf3 exf4 17. Bxf6 Qxf6 18. gxf4 Qg6 19. Kh1 Rad8 20. Rc1 b6 21. a3 Qd6 22. Rc3 f5 23. Qc2 Ne7 24. Ne5 Bxe2 25. Qxe2 Nc6 26. Nxc6 Qxc6 27. b4 Rd4 28. bxc5 fxe4 29. Qg2 Rf6 30. dxe4 Rg6 31. Qf3 bxc5 32. Re3 Re6 33. e5 Rxf4 34. Qxc6 Rxf1+ 35. Kg2 Rxc6 36. Kxf1 Kf7 37. Ke2 Ke6 38. Kd3 Kd5 39. Kc3 Rc7 40. Kd3 Re7 41. Rf3 Kxe5 42. Kc4 Kd6 43. Rf8 Rc7 44. Re8 Kd7 45. Re5 Rc6 46. Rd5+ Ke6 47. Rh5 h6 48. a4 Kd7 49. Rf5 Rc7 50. Re5 Kd6 51. Rd5+ Kc6 52. Rf5 Kb6 53. Rf2 Ka5 54. Ra2 Rf7 55. Kxc5 Rf4 56. Re2 g5 57. Re7 a6 58. Re2 Kxa4 59. Re6 Rh4 60. Rxa6+ Kb3 61. Kd5 Rxh2 62. Ke4 h5 63. Kf3 Ra2 64. Rc6 Ra5 65. Kg3 Kb4 66. Rg6 Kc4 67. Rh6 Ra3+ 68. Kg2 h4 69. Rg6 Rg3+ 70. Kf2 Kd5 71. Rf6 Ke5 72. Rf8 Rb3 73. Ra8 Rg3 74. Rf8 g4 75. Re8+ Kd4 76. Rd8+ Ke4 77. Re8+ Kd3 78. Rd8+ Kc3 79. Rc8+ Kd2 80. Rd8+ 0-1

[Event "FRA-ch op-A"]
[Site "Val d'Isere"]
[Date "2002.08.25"]
[Round "6.5"]
[White "Ragot, Nicolas"]
[Black "Guez, Fabien"]
[Result "1/2-1/2"]
[WhiteElo "2100"]
[BlackElo "2118"]
[PlyCount "123"]
[EventDate "2002.08.20"]
[EventType "swiss"]
[EventRounds "11"]
[EventCountry "FRA"]
[SourceTitle "EXT 2003"]
[Source "ChessBase"]
[SourceDate "2002.11.25"]
[SourceVersion "1"]
[SourceVersionDate "2002.11.25"]
[SourceQuality "1"]

1. c4 e6 2. g3 d5 3. Bg2 Nf6 4. Nf3 Be7 5. 0-0 0-0 6. b3 b6 7. Bb2 Bb7 8. cxd5 exd5 9. d4 Ne4 10. Nc3 Re8 11. e3 Bf6 12. Nd2 Qe7 13. Ndxe4 dxe4 14. Rc1 Na6 15. Qe2 Nb4 16. Ba3 a5 17. Rfd1 Qd7 18. Qd2 Ra7 19. Bf1 Nd3 20. Bxd3 exd3 21. Qxd3 Raa8 22. d5 g6 23. e4 h5 24. f4 Qg4 25. e5 Bg7 26. Qe2 Qd7 27. Rd2 Kh7 28. Rcd1 Qf5 29. Qd3 Qd7 30. Ne4 Rad8 31. Bb2 Rh8 32. e6 fxe6 33. Ng5+ Kh6 34. Bxg7+ Qxg7 35. Nxe6 Qe7 36. Nxd8 Rxd8 37. Qf3 Re8 38. f5 g5 39. f6 Qc5+ 40. Qf2 Qc3 41. f7 Rf8 42. Rc2 Qe5 43. Re1 Qxd5 44. Qf6+ Kh7 45. Re6 Qd1+ 46. Kf2 Qxc2+ 47. Ke3 Qc1+ 48. Kf2 Qd2+ 49. Kf1 Ba6+ 50. Kg1 Qd1+ 51. Kg2 Qd5+ 52. Kf2 Qd2+ 53. Kg1 Qc1+ 54. Kg2 Qf1+ 55. Qxf1 Bxf1+ 56. Kxf1 Kg7 57. Ke2 Rxf7 58. Ke3 Rd7 59. Ke2 Kf7 60. Rh6 Re7+ 61. Kd2 Rd7+ 62. Ke2 1/2-1/2

[Event "Paris Apsap 61mn KO op 34th"]
[Site "Paris"]
[Date "2002.??.??"]
[Round "4"]
[White "Serafimov, Tervel"]
[Black "Ragot, Nicolas"]
[Result "1-0"]
[WhiteElo "2268"]
[BlackElo "2100"]
[PlyCount "61"]
[EventDate "2002.08.18"]
[EventType "swiss (rapid)"]
[EventRounds "7"]
[EventCountry "FRA"]
[SourceTitle "EXT 2003"]
[Source "ChessBase"]
[SourceDate "2002.11.25"]
[SourceVersion "1"]
[SourceVersionDate "2002.11.25"]
[SourceQuality "1"]

1. c4 f5 2. g3 Nf6 3. Bg2 g6 4. Nc3 Bg7 5. e3 0-0 6. Nge2 e5 7. 0-0 d6 8. Rb1 Nc6 9. d4 Ne7 10. b4 c6 11. d5 g5 12. f4 gxf4 13. exf4 e4 14. Be3 cxd5 15. cxd5 b6 16. Qb3 Bb7 17. Nd4 Qd7 18. Ne6 Rfc8 19. Nxg7 Kxg7 20. Bd4 Kg6 21. Bxf6 Kxf6 22. Bh3 h5 23. Nxe4+ Kg6 24. Nc3 Rc7 25. Rbe1 Rac8 26. Re3 Ng8 27. Ne2 Rc4 28. Re6+ Nf6 29. Bxf5+ Kxf5 30. Qd3+ Re4 31. Nd4+ 1-0